01439cam a2200361 a 4500999001500000001000900015003000600024005001700030007000300047008004100050020001500091020001800106020002100124035005600145040009300201050002400294082002200318100001800340245010000358264003700458264001100495300002700506336002600533337002800559338002700587505018500614520006600799650002200865650001700887655003700904942001200941952012400953 c6200d620012103787OCoLC20190116105022.0ta850510t19851985nyu 000 1 eng  a0070064563 a9780070064560 z0070064593q(hc) a(OCoLC)12103787z(OCoLC)429609188z(OCoLC)798226259 aDLCbengcDLCdBTCTAdBAKERdYDXCPdKUTdWPBdCNAHPdOCLCFdOCLCOdOCLCQdOCLCOdUtOrBLW00aPS3552.O59bA6 198500a814.54219bB695F1 aBombeck, Erma10aFour of a kind :ba treasury of favorite works by America's best-loved humorist /cErma Bombeck 1aNew York :bMcGraw-Hill,c[1985] 4c©1985 aix, 604 pages ;c24 cm atextbtxt2rdacontent aunmediatedbn2rdamedia avolumebnc2rdacarrier0 aThe grass is always greener over the septic tank -- If life is a bowl of cherries, what am I doing in the pits? -- Aunt Erma's cope book -- Motherhood, the second oldest profession aA treasury of favorite works by America's best-loved humorist 0aHousewivesvHumor 0aWomenvHumor 7aHumor.2fast0(OCoLC)fst01423696 2ddccBK 00102ddc40708NFICaHMCbHMCcGENd2019-01-16g6500.00l0o814.54 B695Fp007246r2019-01-16 00:00:00w2019-01-16yBK